00758nam a22001937a 4500003000400000005001700004008004100021020001800062040002300080082002900103100003500132245004800167260006800215300003100283650005100314942002100365952016100386999001700547OSt20260504045304.0260504b |||||||| |||| 00| 0 eng d a9786218016309 aDWCL Main Lib.cOC aFil. 899.211 B632f 2015  aBuduan, Abner R. M.A. eAuthor aFlorante at Laura /cAbner R. Buduan, M.A.  aMandaluyong City, Philippines : bNational Book Store, cc2015. axxiii, 82 pages ; c21 cm. a1. Florante at Laura -- Philippine literature. 2ddccBK - FILn0 00102ddc4070aDWCLJHSbDWCLJHScFild2016-09-19eLibrary Fundg95.00l0oFil. 899.211 B632f 2015pJHS - 19039r2026-05-04tc1w2026-05-04yBK - FIL0@u c10201d10201